Sons de werenoi avec la premiere phrase - Statistiques

Statistiques générales
  • Ce quiz a été pris 7 fois
  • Le résultat moyen est 77 sur 112
Statistiques - réponses
Hint Réponse % Correct
Sacoche à mille-deux avec un pushka, il est minuit deux mais j'suis un couche-tard 10.03.2023
100%
J'ai rien dit, rien vu, rien entendu comme les ... 3 singes
100%
La réussite se compte en années, les défaites, en heures Chemin d'or
100%
Ils parlent de Ketama, ils allaient même pas la chercher en Île de Francе Ciao
100%
Ça pue la ..., c'est la té-c', c'est R CR
100%
Trop de haine donc je prends mes distances Dispense
100%
Le cœur de l'humain est noir Faf
100%
Un peu de blé et un peu de passion First
100%
L'eau, c'est fait pour s'essuyer l'cul, le PQ, c'est fait pour essuyer l'eau Grisaille
100%
J'suis dans la merde, j'ai répondu à mon ex Jalouse
100%
J'tourne en moto, j'tourne en moto Je suis en moto
100%
Dans le ..., on fait pas d'faute éliminatoire Laboratoire
100%
Vingt-quatre carats, vingt-quatre magnum La League
100%
..., la vie de rêve La vie de star
100%
J'ai vendu la tonne tu l'sais, mais dis-moi comment tu l'sais Location
100%
Ils parleront sur mon dos mais ça, j'le sais Maudit
100%
Elle est ..., ..., Fiat 500, elle donne pas l'heure parce qu'elle est ... Mauvaise
100%
J'suis plus très loin du Soleil, jamais très loin d'la côte Pétunias
100%
Y a trop d'œil sur l'coupé sport donc je sors le Viano Piano
100%
Tu nous guettes d'un air mesquin vu qu'on n'est pas des miskines Scarface
100%
J’ai toujours pas quitté le périphérique, toujours en gros gamos stratosphérique Téléphérique
100%
J'me déplace en jet gros j'atterris à Riyadh 11.04.2025
75%
T'as vu la démarche, thug comme dans les rues de Compton 16.02.2024
75%
On s'est pas voilé la face, tu vois plus les gueules sous l'masque, tu vois pas l'tireur sous l'casque 3x filtré
75%
On finit l'jeu, on éteint la console 6 étoiles
75%
Ils feront tout pour m'ressembler, ils ont pas peur pour leur santé All eyes on me
75%
Trois ans d'carrière, quarante-cinq certifs, c'est le bilan Alpha
75%
On a trop perdu notre temps à s'tromper d'chemin, à marcher avec Sheitan Balmain
75%
J'veux plusieurs cadrants en or mais l'63 fait battre son cœur C63
75%
J'suis toujours triste car je connais ces hypocrites et je connais leur vice Chemin de diamant
75%
Ils font les Vegeta, ils manquent beaucoup d'humilité CORDILLÈRE
75%
Nous, c'est ... en Lamborghini Criminel
75%
T'as ... un jaune, t'as ... un vert Déjà vu
75%
Assis sur un banc, j’suis plus assis sur un banc, j’suis dans un bureau avec des blancs Diamant Noir
75%
Assis sur un banc, assis sur un plot, j'suis pas sur le trône Emelyne
75%
On les choque, on les fait, on est très néfastes, très vénères, le rap, on le fiste Escorte
75%
Dans ma sse-lia, j'ai toutes les couleurs Faillite
75%
Ah, si tu savais, ah, si vous saviez, ah, si ils savaient Figaro
75%
On a l'oseille, tu sais que l'oseille ça sert à rien d'autre qu'à en faire plus FTR
75%
Faut un gros gamos, faut des gros lovés Guadalajara
75%
Yeah, two hundred on a jet just to change up the climate Gulfstream
75%
C'est pas la volonté qui manque, ma p'tite gueule c'est le temps Intro Morphée
75%
On met pas d'montres pour l'heure, elles sont pas à l'heure Intro Rolex
75%
On rit, on pleure, on vit, on meurt Jamal
75%
On arrive pas en Kayak, on arrive en Cayenne La vie de Cesar
75%
Crimes en bande organisée, ils essayent d'égaliser L'or et la pierre
75%
J'ai un cœur introuvable comme un cyborg Magot
75%
Quatre raclis dans l'quatre anneaux, c'est carré, j'n'ai pas le temps mais j'ai quatre montres Maison hantée
75%
Parce que j’ai fait de la route, j’nettoie plus les balles à la javel Malus
75%
Elle, tu veux t'la faire ?, dis-lui juste t'es mon sin-c', ça devrait l'faire METALLICA
75%
Tu sais qu'on pèse, qu'on brasse de la fumée qu't'inhales Moteur brûlant
75%
J'monte, j'monte, j'monte, j'me rapproche du sommet et peut-être de la fin de ma vie Oméga
75%
Plus j'en ai plus j'en veux, j'rêvais que d'millions d'E PERFORMANTE
75%
Bandit à dix ans, violent à treize PHOTO
75%
C'est pas l'pinceau qui fait le peintre, c'est bien la caisse, as-tu le plein ? Picasso
75%
J'dois m'vider le cœur, j'dois remplir le cahier Poney
75%
J'm'endors avec les cafards, dans mon rêve, j'appelle Drugs et puis, le baveux même parce qu'ils veulent me la mettre Rolls Royce
75%
J'te souhaite ni du mal ni du bien, j'suis là pour ter-gra ma ce-piè Saison
75%
Nique la politique, nique la polémique, pasta d'Bolivie Satan 2
75%
J'ouvre à 11.45, toujours 11.43 à côté Selfie
75%
Y a les faux, y a les vrais, le miroir, le maquillage, j'pardonne pas, j'fais semblant d'oublier sous pillave Señor de los Gallos
75%
J'connais pas d'surhumains, j'ai mon fer sur moi, gros, y a trop d'sournois Solitaire
75%
Je n'ai plus de cœur, je l'ai détaché de mes mains Témoin
75%
Des fois j'fais le con, je le sais, et je regrette jamais, et c'est humain Titanic
75%
Grosse kich' de billets, pliée comme un livre, zipette en cailloux, coupée comme la caisse Triple V
75%
J'ai l'vécu qui tabasse, calibre qui t'abat Tucibi
75%
J'fais crier le moteur sur les champs Tu connais
75%
T’as un gros corps, mais le que-tru fais des gros trous Vermine
75%
Mon renoi, très peu de sommeil, beaucoup de soleil Virus
75%
..., tu vois juste une ombre Vroum Vroum
75%
Paraît-il qu'ils ont peur de nous, c'est des gros trimards, c'est des grosses tapettes Vulgaire
75%
On les connaît ces fils de, ils veulent manger dans nos assiettes 5 étoiles
50%
On aime cette ..., vu des dizaines de villas, conduit des dizaines de bolides 7 vie là
50%
Assis sur un banc, à six sur un plan 9.17
50%
Il faut des faf, du cardio, tu l'sais qu'on a fait tant de mal Animal
50%
À la base, tu sais qu’on les baise Balkans
50%
Toi tu vois que le dernier gamos Boss
50%
J'ai deux trois appartements à moi, postés dans les annonces Boussole
50%
On grimpe comme le 40-CAC, tu vas ranger ton sourire devant le 44 Casse bélier
50%
Je sais que t'as kiffé sur moi, évidemment qu'il est pour moi Chaleur
50%
Il parait qu'un black qui s'tue à la tache grandit plein de haine et se nourrit de peine Clair de Lune
50%
Un fer dans un fer, j'les mets deux par deux, sacoche à vingt balles deux Colisée
50%
Ils font pas trop de débit, beaucoup trop de bleh, pas trop de délits, pas de ... Crédibilité
50%
J’t’envoie crochet comme Tyson ou ... Derek
50%
Le ciel ou la terre ? Paradis l'enfer ? Des ténèbres
50%
Y avait personne dans ma vie à part les drogues et le ... DRAGONS
50%
Tu veux nous faire, j'prends les paris, dis moi mais combien tu mises ? Embouteillé
50%
Mystique comme les pyramides, Werenoi, j'suis le phénomène FBI
50%
Tu sais bien qu'on est dans l'crime Fort
50%
Sacoche à trente balles, j'rentre pas Industry Plant
50%
Ils vont serrer si, comme nous, ils popent La famine
50%
Tu sais, dans la vie, des fois, tu montes, des fois, tu descends L'ancien
50%
J'les aime avec des bas-résilles et j'aime visser dans Paris-Six Le sas
50%
Je sais bien, ils veulent toujours plus ces cons, tu leur donnes l'heure mais le temps s'écoule Les codes
50%
T'sais que j'suis d'dans comme Manny, j'pense aux re-frè palis Mélanine
50%
T'as l'air choqué des chiffres de la première semaines Millionaire
50%
Dis-leur, Babs, ils font d'la 'sique, pour avoir des putes dans les DM's Nos labels c'est du papel
50%
Méfie-toi des plus silencieux, tu mords ou souvent, tu grogne ON EN REPARLERA
50%
Ils ont pas fait c'qu'on a fait, ils font les blindés pour skalape Ordinateur
50%
J'fais crier l'bordel dans le tunnel, j'ai dû couper les ponts, p'tit con Pyramide
50%
J'ai grandi dans les braises, j'ai fini par être à l'aise Riri
50%
Mon gros, la vie, c'est une location, donc ton ent-cli t'appartient pas Rude Boy
50%
J'ai une sale gueule sous la visière Sale histoire
50%
L'habit n'fait pas le moine mais j'sais qu'à ta dégaine, tu fais pas le mois Bang
25%
J'suis passé, du fond d'la classe au fond du hall Carré d'as
25%
J'ai tellement de gamos, j'sais plus où j'les gare Dans un verre
25%
J'reviens de loin, gros, j'ai toujours été prêt J'suis le chouchou de la calle En pétard
25%
J'regarde la lune, j'regarde ma montre, j'vois que le temps passe vite Ndrangheta
25%
J'ai l'impression d'écrire au crayon, donc j'crois que tout s'gomme Salaire
25%
J'regarde vers le Nord, j'surveille l'arrivage Tout seul
25%
J'baise les traîtres comme Hansel et Prigojine Under Armour
25%
Tu peux garder toutes tes vieilles putes, la Fe-Fe, c'est pas pour frimer Ali
0%
Aucun quiz correspondant
Distribution des résultats
% des personnes avec chaque résultat
Percentile par nombre de réponses
Votre historique - résultats
Vous n’avez pas pris ce quiz